00859 a2200169 4500003000500000005001700005020001500022040000900037082001500046100001600061245008600077250002000163260003600183300000900219505043700228650002400665Nust20230223104832.0 a818683009x cNust a004.03,ITE aParag Diwan aIT Encyclopedia.Com Vol.1 to Vol.10/cParag Diwan ,R.K Suri , Sanjay Kaushik Eds. aVol.1 to Vol.10 aNew DelhibPentagon Pressc2000 a340p aVol. Fundamentals of Information Technology (Page-615), Vol.2 Information Systems Management (Page-324), Vol.3 Software Engineering (Page-413), Vol. Computer Networks and E-Commerce (Page-591), Vol.5 Multimedia Systems (Page-236), Vol.6 Graphical user Interface (Page-340), Vol.7 Enterprise Resource Planning (Page-238), Vol.8 E-Commerce (Page-363), Vol.9 Information Technology (Page-503), Vol.10 Dictionary of IT Terms (Page-407). aIT Encyclopedia.Com